| 000 | 01413nam2a22002891 4500 | ||
|---|---|---|---|
| 001 | v19\rc\1824204 | ||
| 005 | 20250619134206.0 | ||
| 035 | _a(NLR Aleph) 004921485 | ||
| 090 |
_a5582923 _c5582923 |
||
| 100 | _a20071224d1907 |||y0rusy50 ca | ||
| 101 | 0 | _arus | |
| 102 | _aRU | ||
| 105 | _ay z ||||| | ||
| 200 | 1 | _aДоклад Совета съезда ... по 12-му вопросу программы: Обсуждение вопросов, относящихся к рабочему законодательству | |
| 210 |
_d[1907] _aБ. м. |
||
| 215 | _a12 с. | ||
| 461 | 0 |
_1001v19\rc\1824191 _12001#$aДоклад[ы]... XXXI Съезду горнопромышленников Юга России$e№ 1$v№ 12. Приложение 1 _95582788 _aСъезд горнопромышленников Юга России (31 ; 1906 ; Харьков) _cХарьков _d[1906]-[1907] _o№ 1 _tДоклад[ы]... XXXI Съезду горнопромышленников Юга России _v№ 12. Приложение 1 |
|
| 517 | 1 | _aОбсуждение вопросов, относящихся к рабочему законодательству | |
| 801 | 0 |
_aRU _bNLR _gpsbo |
|
| 801 | 0 |
_aRU _bRuMoRGB _2psbo |
|
| 801 | 1 |
_aRU _bProSoft-M _2rusmarc |
|
| 852 |
_aNLR _jDesideratum |
||
| 899 |
_aRuMoRGB (1-23*) _jU 49/228 |
||
| 899 | _aБАН (1-23*) | ||
| 942 | _cBOOK | ||
| 980 | _aNB | ||